و ا د ئ تحقيق (Record no. 173293)

MARC details
000 -LEADER
fixed length control field 00602nam a22001937a 4500
005 - DATE AND TIME OF LATEST TRANSACTION
control field 20200221125126.0
010 ## - LCCN (DPL NO)
LC control number UR-10703
020 ## - INTERNATIONAL STANDARD BOOK NUMBER
Terms of availability 350.00
International Standard Book Number -
035 ## - SYSTEM CONTROL NUMBER
System control number U-9258
037 ## - SOURCE OF ACQUISITION
Source of stock number/acquisition DBAD/PUB
Stock number -
082 ## - DEWEY DECIMAL CLASSIFICATION NUMBER
Classification number 844.08
100 ## - MAIN ENTRY--PERSONAL NAME
Personal name عا لم حسين ر ضو ی
245 ## - TITLE STATEMENT
Title و ا د ئ تحقيق
Statement of responsibility, etc عا لم حسين ر ضو ی
246 ## - VARYING FORM OF TITLE
Remainder of title Wadiye Tehqeeq (Urdu)
Title proper/short title by Aalam Hussain Rizvi
260 ## - PUBLICATION, DISTRIBUTION, ETC. (IMPRINT)
Place of publication, distribution, etc N.Delhi
Name of publisher, distributor, etc M.R.Publications
Date of publication, distribution, etc 2019 ء
270 ## - ADDRESS
Address B-3/330Shawala,
City Banaras
Postal code -
Telephone number 09450543234
Fax number -
300 ## - PHYSICAL DESCRIPTION
Extent 304 ص
Dimensions 22 Cm(Hb)
942 ## - ADDED ENTRY ELEMENTS (KOHA)
Source of classification or shelving scheme Dewey Decimal Classification
Item type Urdu Bks
Classification part 844.08
Call number suffix ر ض و
Holdings
Withdrawn status Lost status Not for loan Collection code Home library Current library Date acquired Source of acquisition Cost, normal purchase price Full call number Barcode Copy number Cost, replacement price Koha item type
      Non-fiction Central Library Central Library 21/02/2020 BPPD/Ven. 350.00 844.08 ر ض و U-9258 1 350.00 Urdu Bks

© Delhi Public Library
Hit Counter
free hit counter